000 00585nas a2200217 4500
001 BR8701371
003 BR-BrBNA
005 20231205090608.0
007 ta
008 230509b bl.|||p| |||| 00| 00por d
040 _aBR-BrBNA
_bpor
_cBiblioteca Nacional de Agricultura
041 _a(Pt)
072 _aL01
100 1 _aPigozzi, A.R.
245 1 _aManejo [suino, Brasil]
650 _aSUÍNO
650 _aMANEJO
773 0 _tSuinocultura Catarinense (Brazil)
_x
_g(Jul 1981), v. 3(6) p. 26-32
_wBR8701371
909 _a202311
_bLúcia
_c55
_dLúcia Elande
942 _2AGRIS
_n0
_cANA
999 _c119618
_d119618